Pokemon de type Electrique - Statistiques

Statistiques générales
  • Ce quiz a été pris 1 040 fois
  • Le résultat moyen est 34 sur 42
Statistiques - réponses
Hint Réponse % Correct
25 Pikachu
99%
26 Raichu
99%
145 Electhor
94%
101 Electrode
93%
125 Elektek
93%
81 Magneti
93%
82 Magneton
93%
100 Voltorbe
93%
172 Pichu
92%
466 Elekable
88%
135 Voltali
88%
239 Elekid
87%
462 Magnezone
86%
312 Negapi
85%
243 Raikou
85%
310 Elecsprint
84%
311 Posipi
84%
309 Dynavolt
83%
180 Lainergie
83%
181 Pharamp
82%
587 Emolga
80%
404 Luxio
80%
644 Zekrom
80%
403 Lixy
79%
405 Luxray
79%
417 Pachirisu
79%
179 Wattouat
78%
171 Lanturn
77%
170 Loupio
77%
602 Anchwatt
74%
702 Dedenne
74%
479 Motisma
74%
604 Ohmassacre
74%
522 Zebibron
74%
523 Zeblitz
74%
603 Lamperoie
73%
642 Fulguris
67%
695 Iguolta
67%
595 Statitik
67%
596 Mygavolt
66%
694 Galvaran
63%
618 Limonde
59%
Aucun quiz correspondant
Distribution des résultats
% des personnes avec chaque résultat
Percentile par nombre de réponses
Votre historique - résultats
Vous n’avez pas pris ce quiz